Arquitectura acústica : poética y diseño /
Define el autor a la arquitectura acústica como el arte de diseñar el sonido -como parte del espacio arquitectónico- conforme a una intención acústica. Supone una poética acústica, un diseño acústico y una rehabilitación y sustentabilidad acústicas. Por la primera se definen los elementos del sonido...
Spremljeno u:
| Glavni autor: | |
|---|---|
| Daljnji autori: | |
| Format: | Knjiga |
| Jezik: | španjolski |
| Izdano: |
Barcelona, España :
Universidad Politécnica de Cataluña,
2002, c2002
|
| Serija: | (Arquitext ;
25) |
| Teme: | |
| Oznake: |
arqui
1
|
MARC
| LEADER | 00000nam^a2200000^a^4500 | ||
|---|---|---|---|
| 001 | 000158423 | ||
| 005 | 20250521000000.0 | ||
| 009 | 20260310100613.671 | ||
| 020 | |a 84-8301-638-9 | ||
| 037 | |a Acervo ITESO - Biblioteca | ||
| 041 | |a ESP | ||
| 082 | |a 720. 1016 |b DAU | ||
| 100 | |a Daumal Doménech, Francesc |e (autor) | ||
| 245 | 1 | 0 | |a Arquitectura acústica : |b poética y diseño / |c F. Daumal Domènech ; pról. de X. Rubert de Ventós. |
| 264 | 4 | |a Barcelona, España : |b Universidad Politécnica de Cataluña, |c 2002, c2002 | |
| 300 | |a 345 p. | ||
| 336 | |a texto |b txt |2 rdacontenido | ||
| 337 | |a sin mediación |b n |2 rdamedio | ||
| 338 | |a volumen |b nc |2 rdasoporte | ||
| 440 | 1 | |a (Arquitext ; |v 25) | |
| 520 | |a Define el autor a la arquitectura acústica como el arte de diseñar el sonido -como parte del espacio arquitectónico- conforme a una intención acústica. Supone una poética acústica, un diseño acústico y una rehabilitación y sustentabilidad acústicas. Por la primera se definen los elementos del sonido y se establecen sus interrelaciones. El segundo se ocupa de que en la práctica dicha poética funcione (disposiciones, materiales, etc.). La rehabilitación acústica resuelve disfunciones, sea porque inicialmente no se consideró una poética acústica, sea porque la existente ha quedado obsoleta. | ||
| 649 | |a XX | ||
| 650 | |a Semiótica | ||
| 650 | |a Acústica Arquitectónica - |x Tema Principal | ||
| 650 | |a Ecodiseño | ||
| 650 | |a Diseño Arquitectónico | ||
| 650 | |a Diseño Urbano | ||
| 650 | |a Construcción | ||
| 650 | |a Arquitectura | ||
| 650 | |a Urbanismo | ||
| 700 | |a Rubert de Ventós, Xavier |e (prólogo) | ||
| 910 | |a Fondo General | ||
| 920 | |a Impresos - Libros | ||
| 930 | |a Colección General | ||
| 905 | |a 101 | ||
| 901 | |a 0500089618 |b IT1 |c ACC |u 20250521 | ||
| 902 | |a https://opac.biblio.iteso.mx/vufind/Record/000158423 | ||